[Event "Pan American-ch School U17 Girls 12th"]
[Site "Callao"]
[Date "2023.10.21"]
[Round "9"]
[White "Ramallo Aguilar, Ariadne Ricela"]
[Black "Sihuincha Quispe, Estefany Anyaly"]
[Result "1-0"]
[WhiteElo "1648"]
[BlackElo "1296"]
[PlyCount "77"]
[EventDate "2023.10.16"]
[EventType "swiss"]
[EventRounds "9"]
[EventCountry "PER"]
[SourceTitle "Mega2024 Update 01"]
[Source "Chessbase"]
[SourceDate "2023.11.12"]
[SourceVersion "1"]
[SourceVersionDate "2023.11.12"]
[SourceQuality "1"]

1. e4 e5 2. Nf3 Nc6 3. Bc4 Bc5 4. 0-0 Nf6 5. d3 a6 6. c3 Ba7 7. Bg5 d6 8. h3 h6 9. Bh4 g5 10. Bg3 Bd7 11. Re1 g4 12. hxg4 Qe7 13. b4 Qf8 14. b5 axb5 15. Bxb5 Qg7 16. Kf1 0-0 17. Ke2 Nxg4 18. Rh1 Be6 19. Bxc6 bxc6 20. Nbd2 d5 21. Nh2 f5 22. Nxg4 fxg4 23. Rh5 Rf7 24. Qh1 Raf8 25. Rf1 Kh7 26. Bxe5 Rxf2+ 27. Rxf2 Rxf2+ 28. Ke1 Qg6 29. d4 g3 30. Bxg3 Qxg3 31. Rxh6+ Kg7 32. Rh7+ Kf8 33. Qh6+ Kg8 34. Rh8+ Kf7 35. Rf8+ Ke7 36. Rxf2 dxe4 37. Nxe4 Qd3 38. Qf8+ Kd7 39. Nf6# 1-0

[Event "Pan American-ch School U17 Girls 12th"]
[Site "Callao"]
[Date "2023.10.19"]
[Round "7"]
[White "Sihuincha Quispe, Estefany Anyaly"]
[Black "Orihuela Barreda, Alondra"]
[Result "1-0"]
[WhiteElo "1296"]
[BlackElo "1440"]
[PlyCount "223"]
[EventDate "2023.10.16"]
[EventType "swiss"]
[EventRounds "9"]
[EventCountry "PER"]
[SourceTitle "Mega2024 Update 01"]
[Source "Chessbase"]
[SourceDate "2023.11.12"]
[SourceVersion "1"]
[SourceVersionDate "2023.11.12"]
[SourceQuality "1"]

1. d4 Nf6 2. c4 c5 3. d5 b5 4. Qc2 b4 5. Nf3 d6 6. a3 a5 7. e4 Nbd7 8. Bd3 g6 9. 0-0 Bg7 10. Ra2 0-0 11. h3 Ba6 12. b3 Qc7 13. Bb2 Rfb8 14. Nbd2 Rb6 15. Rfa1 Qb8 16. Qd1 a4 17. Bc2 bxa3 18. Rxa3 axb3 19. Bxb3 Bb7 20. Qc2 Rba6 21. Ba4 Nb6 22. e5 Nfd7 23. Bxd7 Rxa3 24. Rxa3 Rxa3 25. Bxa3 Nxd7 26. exd6 exd6 27. Qa4 Ne5 28. Nxe5 Bxe5 29. Qb5 Qc8 30. Bb2 Ba6 31. Qb3 Bf4 32. Ne4 Qb7 33. Qxb7 Bxb7 34. g3 Bh6 35. Nxd6 Ba6 36. Ne4 Bxc4 37. d6 Be6 38. d7 Bg5 39. Nxg5 Bxd7 40. h4 f5 41. Nf3 Kf8 42. Ba3 Kg7 43. Bxc5 h6 44. Bd4+ Kh7 45. Ne5 Be6 46. f3 g5 47. h5 Bd5 48. Kf2 Kg8 49. Ke3 Kf8 50. Bc5+ Kg7 51. Bd4 Kf8 52. Ng6+ Kf7 53. f4 Bb3 54. Ne5+ Kg8 55. fxg5 hxg5 56. Nf3 f4+ 57. gxf4 gxf4+ 58. Kxf4 Kh7 59. Kg4 Bd1 60. Be3 Kg7 61. Kg3 Kh8 62. h6 Bc2 63. Ng5 Kg8 64. Kf4 Kf8 65. Bd4 Bg6 66. Ne6+ Kg8 67. Kg5 Bh7 68. Nc7 Kf7 69. Nd5 Be4 70. Nf6 Bg6 71. Nh5 Bh7 72. Ng3 Ke7 73. Nf5+ Kf7 74. Bc5 Ke6 75. Nd6 Ke7 76. Nb7+ Kf7 77. Nd8+ Ke8 78. Nc6 Kf7 79. Kf4 Kg8 80. Ke5 Kf7 81. Kd6 Kg6 82. Be3 Kf7 83. Nd8+ Kf6 84. Bd4+ Kg6 85. Bg7 Bg8 86. Ke7 Bh7 87. Kf8 Kf5 88. Nf7 Kg6 89. Nh8+ Kf5 90. Bc3 Kg5 91. Kg7 Bf5 92. Nf7+ Kh5 93. Kf6 Bg6 94. Bd2 Bh7 95. Ne5 Be4 96. Nf3 Bh7 97. Ne5 Be4 98. Kg7 Bf5 99. Nf3 Be4 100. Nd4 Bd3 101. Ne6 Bb1 102. Nf4+ Kg5 103. Ng6+ Kh5 104. h7 Bxg6 105. h8Q+ Kg4 106. Kxg6 Kf3 107. Qh4 Kg2 108. Kg5 Kf3 109. Qf4+ Kg2 110. Kg4 Kh1 111. Qf1+ Kh2 112. Bf4# 1-0

[Event "PER-ch (Women)"]
[Site "Lima"]
[Date "2023.09.02"]
[Round "7"]
[White "Sihuincha Quispe, Estefany Anyaly"]
[Black "Nole Alvarez, Antuannet Huguette"]
[Result "1/2-1/2"]
[WhiteElo "1378"]
[BlackElo "1209"]
[PlyCount "54"]
[EventDate "2023.08.29"]
[EventType "swiss"]
[EventRounds "9"]
[EventCountry "PER"]
[SourceTitle "EXT 2024"]
[Source "ChessBase"]
[SourceDate "2023.10.10"]
[SourceVersion "1"]
[SourceVersionDate "2023.10.10"]
[SourceQuality "1"]

1. d4 d5 2. c4 c6 3. Nf3 Bf5 4. g3 Nf6 5. Bg2 e6 6. 0-0 Bd6 7. Nbd2 0-0 8. Nh4 Bg4 9. h3 Bh5 10. c5 Bc7 11. Re1 e5 12. dxe5 Bxe5 13. Ndf3 Bc7 14. g4 Bg6 15. Nxg6 fxg6 16. Qb3 Qe7 17. Bg5 Na6 18. Qe3 Qxc5 19. Qe6+ Kh8 20. Be3 Qd6 21. Ng5 Qh2+ 22. Kf1 Rae8 23. Nf7+ Kg8 24. Nh6+ Kh8 25. Nf7+ Kg8 26. Nh6+ Kh8 27. Nf7+ Kg8 1/2-1/2

[Event "PER-ch (Women)"]
[Site "Lima"]
[Date "2023.08.30"]
[Round "2"]
[White "Ninahuanca Salazar, Ana Lucia"]
[Black "Sihuincha Quispe, Estefany Anyaly"]
[Result "1-0"]
[WhiteElo "1092"]
[BlackElo "1378"]
[PlyCount "79"]
[EventDate "2023.08.29"]
[EventType "swiss"]
[EventRounds "9"]
[EventCountry "PER"]
[SourceTitle "EXT 2024"]
[Source "ChessBase"]
[SourceDate "2023.10.10"]
[SourceVersion "1"]
[SourceVersionDate "2023.10.10"]
[SourceQuality "1"]

1. e4 e5 2. Nf3 Nc6 3. Bc4 Bc5 4. d3 Nf6 5. c3 0-0 6. b4 Bb6 7. 0-0 d6 8. Bg5 Be6 9. Bb3 h6 10. Bh4 a5 11. b5 Nb8 12. a4 Nbd7 13. Nbd2 g5 14. Bg3 Bxb3 15. Qxb3 Nc5 16. Qc2 Nh5 17. d4 exd4 18. Nxd4 Ne6 19. Nf5 Nxg3 20. hxg3 Qf6 21. Nc4 Bc5 22. Nce3 c6 23. Ng4 Qd8 24. Ngxh6+ Kh8 25. Qe2 Ng7 26. Qg4 f6 27. Qh3 Qe8 28. Nf7+ Kg8 29. N5h6+ Kh7 30. Nf5+ Kg6 31. N7xd6 Bxd6 32. Qh6+ Kf7 33. Nxd6+ Ke6 34. Nxe8 Raxe8 35. Qxg7 Rf7 36. Qg6 Rh8 37. Qf5+ Ke7 38. Rad1 Kf8 39. Rd8+ Kg7 40. Rxh8 1-0

[Event "PER-ch (Women)"]
[Site "Lima"]
[Date "2023.08.29"]
[Round "1"]
[White "Sihuincha Quispe, Estefany Anyaly"]
[Black "Tacas Cardenas, Andrea Ximena"]
[Result "0-1"]
[WhiteElo "1378"]
[BlackElo "1626"]
[PlyCount "60"]
[EventDate "2023.08.29"]
[EventType "swiss"]
[EventRounds "9"]
[EventCountry "PER"]
[SourceTitle "EXT 2024"]
[Source "ChessBase"]
[SourceDate "2023.10.10"]
[SourceVersion "1"]
[SourceVersionDate "2023.10.10"]
[SourceQuality "1"]

1. d4 Nf6 2. Nf3 e6 3. c4 Bb4+ 4. Bd2 a5 5. a3 Bxd2+ 6. Nbxd2 b6 7. e4 d6 8. Bd3 0-0 9. 0-0 Nc6 10. Qc2 e5 11. dxe5 Nxe5 12. Nxe5 dxe5 13. Nf3 Qe7 14. Qc3 Re8 15. h3 Bb7 16. Rfe1 a4 17. Rac1 Nd7 18. Nh2 Nc5 19. Bc2 Rad8 20. Nf1 Rd4 21. Ng3 Qe6 22. Bb1 Ba6 23. Ba2 Nd3 24. Nf5 Rdd8 25. Re3 Nxc1 26. Qxc1 Qd7 27. Kh2 Qd2 28. Qxd2 Rxd2 29. Rg3 g6 30. Ne3 Rxb2 0-1